Rocheflame : (Record no. 11868)

000 -LEADER
fixed length control field 00309cam a2200133 a 4500
020 ## - INTERNATIONAL STANDARD BOOK NUMBER
ISBN 2221009800
040 ## - CATALOGING SOURCE
Transcribing agency IaU
082 ## - DEWEY DECIMAL CLASSIFICATION NUMBER
Classification number 843 R.L 1982 A092 Or.
100 1# - MAIN ENTRY--AUTHOR NAME
Personal name Michelet, Claude,
245 10 - TITLE STATEMENT
Title Rocheflame :
Remainder of title roman /
260 0# - PUBLICATION, DISTRIBUTION, ETC. (IMPRINT)
Place of publication Paris :
Name of publisher R. Laffont,
Year of publication 1982.
300 ## - PHYSICAL DESCRIPTION
Number of Pages 219 p. ;
Dimensions 22 cm.
942 ## - ADDED ENTRY ELEMENTS (KOHA)
Koha item type សៀវភៅភាសាបារាំង
952 ## - LOCATION AND ITEM INFORMATION (KOHA)
Withdrawn status [LOCAL, KOHA] 0
Holdings
Permanent Location Date acquired Koha item type Lost status Shelving location Barcode Current Location Full call number
Library Block A2017-08-08សៀវភៅភាសាបារាំង A094A09347Library Block A843 R.L 1982 A094 Or.
មជ្ឈមណ្ឌលឯការនៃសាកលវិទ្យាល័យភូមិន្ទកសិកម្មចំការដូង

Powered by Koha